000 01097cam a2200217 4500
001 WB3944-20
008 031120n2003 000 0 eng u
035 _a(Sirsi) u124396
245 _aThames Gateway consultation launched
260 _c2003
490 _aODPM Communities Plan
_v 17 November 2003 (28)
520 _aThis ODPM consultation paper "Sustainable communities: an Urban Development Corporation for the London Thames Gateway - a consultation paper" sets out the options for the area of the London Thames Gateway. It also describes the powers of the new Urban Development Corporation and the composition of the board required to ensure it delivers sustainable regeneration. Responses are required by 6 February 2004. Copies of the paper are available at http://www.odpm.gov.uk/stellent/groups/odpm_urbanpolicy/documents/page/odpm_urbpol_025760.pdf
590 _aWB
650 _aURBAN DEVELOPMENT CORPORATIONS
650 _aTHAMES GATEWAY
650 _aLONDON
650 _aCONSULTATION PAPERS
650 _aSUSTAINABLE COMMUNITIES
690 _aREGENERATION
942 _n0
999 _c73821
_d73821